Phương pháp dạy học hình học ở trường Trung học cơ sở
Shranjeno v:
| Glavni avtor: | |
|---|---|
| Format: | Knjiga |
| Jezik: | Undetermined |
| Izdano: |
H.
Giáo dục
1999
|
| Teme: | |
| Online dostop: | http://lrc.tdmu.edu.vn/opac/search/detail.asp?aID=2&ID=6413 |
| Oznake: |
Označite
Brez oznak, prvi označite!
|
| Thư viện lưu trữ: | Trung tâm Học liệu Trường Đại học Thủ Dầu Một |
|---|
| LEADER | 00647nam a2200193Ia 4500 | ||
|---|---|---|---|
| 001 | TDMU_6413 | ||
| 008 | 210410s9999 xx 000 0 und d | ||
| 082 | |a 516.071 | ||
| 090 | |b H407 | ||
| 100 | |a Hoàng, Chúng | ||
| 245 | 0 | |a Phương pháp dạy học hình học ở trường Trung học cơ sở | |
| 245 | 0 | |c Hoàng Chúng | |
| 260 | |a H. | ||
| 260 | |b Giáo dục | ||
| 260 | |c 1999 | ||
| 300 | |a 104tr. | ||
| 650 | |a Toán học; Hình học ; Phương pháp dạy học | ||
| 856 | |u http://lrc.tdmu.edu.vn/opac/search/detail.asp?aID=2&ID=6413 | ||
| 980 | |a Trung tâm Học liệu Trường Đại học Thủ Dầu Một | ||